000 00475nam a2200193 a 4500
001 1767590576012
003 ACL
005 20260105105718.0
008 260105s2010##################000#0#eng##
020 _a9781416580577
082 0 4 _a641.774
_bYOU
100 1 _aYoung, Grace,
_eauthor.
245 1 0 _aStir-Frying to the Sky's Edge :
260 _bSimon and Schuster,
_c2010.
300 _a326 pages
650 0 _aCooking.
942 _cENGLISH
040 _aACL
_beng
_cACL
999 _c607309
_d607309